Choosing joy, creating abundance : practical tools for mainfesting your desires (Record no. 264370)

MARC details
000 -LEADER
fixed length control field 00322nam a2200097Ia 4500
082 ## - DEWEY DECIMAL CLASSIFICATION NUMBER
Classification number EJF HARE
008 - FIXED-LENGTH DATA ELEMENTS--GENERAL INFORMATION
fixed length control field 210817s9999 xx 000 0 und d
100 ## - MAIN ENTRY--PERSONAL NAME
Personal name PETERSON, Ellen St. Paul, MN, 2004 1st ed
9 (RLIN) 77410
245 #0 - TITLE STATEMENT
Title Choosing joy, creating abundance : practical tools for mainfesting your desires
942 ## - ADDED ENTRY ELEMENTS
item type Books
Holdings
Withdrawn status Lost status Damaged status Not for loan Home library Current library Date acquired Cost, normal purchase price Total Checkouts Barcode Date last seen Price effective from item type
        Matsulu Matsulu 19.08.2021 19.00   3322830025138 19.08.2021 19.08.2021 Books